| 000 | 00490nam a2200181Ia 4500 | ||
|---|---|---|---|
| 008 | 180921t2015 xxu||||| |||| 00| 0 sin d | ||
| 041 | _asin | ||
| 080 |
_a8C3 _b(Youth) ALE |
||
| 100 | _aAleksin, Anatoli | ||
| 245 | _aතාත්තා වගේ කෙනෙක් | ||
| 246 | _aJust Ring Up & Come | ||
| 260 |
_bKurulu poth _aRajagiriya _c2015 |
||
| 300 | _a95p, 21cm | ||
| 700 |
_aAnuradha Kodagoda _etr. |
||
| 942 | _cBK | ||
| 999 |
_c11191 _d11191 |
||
| 003 | LK-CoDNM | ||
| 040 |
_aLK-CoDNM _dLK-CoDNM _eLK-CoDNM |
||